Database system: The complete book (Record no. 29573)

MARC details
000 -LEADER
fixed length control field 00494nam a2200181Ia 4500
008 - FIXED-LENGTH DATA ELEMENTS--GENERAL INFORMATION
fixed length control field 230917s9999||||xx |||||||||||||| ||und||
020 ## - ISBN
Price RS1149
040 ## - CATALOGING SOURCE
-- 252605
Original cataloging agency VIVEKANANDA LIBRARY
041 ## - Language
-- English
082 ## - DDC NUMBER
Classification number 005.74 G165D(2)
100 ## - MAIN ENTRY--PERSONAL NAME
Personal name Garcia-Molina, Hector
245 #0 - TITLE STATEMENT
Title Database system: The complete book
250 ## - EDITION STATEMENT
Edition statement 2nd ed.
260 ## - PUBLICATION, DISTRIBUTION, ETC. (IMPRINT)
Place of publication, distribution, etc New Delhi
Name of publisher, distributor, etc Pearson India Education
Date of publication, distribution, etc 2018
300 ## - PHYSICAL DESCRIPTION
Pages 1139 p.
500 ## - GENERAL NOTE
General note 3373 24/12/2018 PBA18/838 31/12/2018 Main Budget
942 ## - ADDED ENTRY ELEMENTS (KOHA)
Koha item type Books
Holdings
Withdrawn status Lost status Damaged status Not for loan Location (home branch) Sublocation or collection (holding branch) Date acquired Koha issues (times borrowed) Koha full call number Accession No. Koha date last seen Koha item type
        VIVEKANANDA LIBRARY VIVEKANANDA LIBRARY 21/01/2019 2 005.74 G165D(2) 381842 06/04/2026 Books
        VIVEKANANDA LIBRARY VIVEKANANDA LIBRARY 21/01/2019 1 005.74 G165D(2) 381843 09/09/2024 Books
        VIVEKANANDA LIBRARY VIVEKANANDA LIBRARY 21/01/2019   005.74 G165D(2) 381844 17/09/2023 Books
        VIVEKANANDA LIBRARY VIVEKANANDA LIBRARY 21/01/2019 1 005.74 G165D(2) 381845 19/12/2024 Books
        VIVEKANANDA LIBRARY VIVEKANANDA LIBRARY 21/01/2019 4 005.74 G165D(2) 381846 10/09/2024 Books
© Designed and Maintained by Vivekananda Library, MDU Rohtak